[Event "CZE-chT2F 1718"]
[Site "Czech Republic"]
[Date "2017.12.03"]
[Round "4.8"]
[White "Sedlacek, Jiri1111"]
[Black "Ovesny, Radim"]
[Result "1/2-1/2"]
[WhiteElo "1815"]
[BlackElo "1990"]
[PlyCount "58"]
[EventDate "2017.10.15"]
[EventType "team-tourn"]
[EventRounds "11"]
[EventCountry "CZE"]
[SourceTitle "EXT 2022"]
[Source "ChessBase"]
[SourceDate "2021.10.06"]
[SourceVersion "1"]
[SourceVersionDate "2021.10.06"]
[SourceQuality "1"]
[WhiteTeam "Frydek Mistek III"]
[BlackTeam "Havirov Slovan"]
[WhiteTeamCountry "CZE"]
[BlackTeamCountry "CZE"]

1. d4 Nf6 2. g3 d5 3. Bg2 e6 4. Nf3 Bd6 5. Nbd2 Nbd7 6. c4 b6 7. 0-0 0-0 8. Qc2 c5 9. e4 Be7 10. Re1 Bb7 11. exd5 exd5 12. dxc5 Bxc5 13. Nb3 Rc8 14. Nxc5 Rxc5 15. b3 Rc8 16. Ba3 Re8 17. Nd4 Nc5 18. Nf5 Rc7 19. Rad1 Rxe1+ 20. Rxe1 dxc4 21. bxc4 Bxg2 22. Kxg2 Rd7 23. Bc1 Nd3 24. Re2 Nxc1 25. Qxc1 h6 26. Qf4 Kh7 27. h4 Qc7 28. Qxc7 Rxc7 29. Re7 Rxe7 1/2-1/2

[Event "CZE-chT2F 1718"]
[Site "Czech Republic"]
[Date "2017.10.15"]
[Round "1.8"]
[White "Maj, Svatopluk"]
[Black "Ovesny, Radim"]
[Result "1/2-1/2"]
[WhiteElo "1902"]
[BlackElo "1990"]
[PlyCount "43"]
[EventDate "2017.10.15"]
[EventType "team-tourn"]
[EventRounds "11"]
[EventCountry "CZE"]
[SourceTitle "EXT 2022"]
[Source "ChessBase"]
[SourceDate "2021.10.06"]
[SourceVersion "1"]
[SourceVersionDate "2021.10.06"]
[SourceQuality "1"]
[WhiteTeam "Vrbno pod Pradedem"]
[BlackTeam "Havirov Slovan"]
[WhiteTeamCountry "CZE"]
[BlackTeamCountry "CZE"]

1. c4 Nf6 2. Nc3 c5 3. Nf3 Nc6 4. d4 cxd4 5. Nxd4 g6 6. e4 d6 7. Be2 Qb6 8. Nb3 e6 9. 0-0 Be7 10. Bf4 Ne5 11. c5 Qc7 12. cxd6 Qxd6 13. Qxd6 Bxd6 14. Bg3 Bb8 15. Rfd1 0-0 16. Rd2 b5 17. a3 Nfd7 18. Rad1 Nb6 19. Na5 Ned7 20. Nc6 Bxg3 21. hxg3 Re8 22. f4 1/2-1/2